000 00388nam a22001457a 4500
003 JO-AjAnu
005 20241020142623.0
008 241016b jo ||||| |||| 00| 0 ara d
040 _cJO-AjAnu
041 _aENG
245 1 _aHOW TO DESIGN A LOGO : A STEB BY STEB GUIDE TO SHARPENING YOUR SKILLS IN LOGO DESIGN
300 _a255 pages
650 7 0 _adesign
_966242
942 _2lcc
_cBK
_n0
999 _c33724
_d33724